ESPN Top 100 Footballers 2023 - Statistics

General Stats
  • This quiz has been taken 795 times
  • The average score is 71 of 100
Answer Stats
Club Answer % Correct
Liverpool Alisson
96%
Manchester City Ederson
96%
Barcelona Marc-Andre ter Stegen
96%
Real Madrid Thibaut Courtois
96%
Aston Villa Emiliano Martínez
94%
Paris Saint-Germain Gianluigi Donnarumma
94%
Manchester United Lisandro Martínez
94%
Inter Milan Lautaro Martínez
93%
Atlético Madrid Jan Oblak
91%
Manchester City Ruben Dias
89%
Manchester City Kyle Walker
87%
A.C. Milan Mike Maignan
87%
Liverpool Virgil Van Dijk
87%
Paris Saint-Germain Achraf Hakimi
86%
Liverpool Trent Alexander-Arnold
86%
Manchester City Kevin de Bruyne
85%
Paris Saint-Germain Kylian Mbappé
85%
Arsenal Aaron Ramsdale
84%
Arsenal Bukayo Saka
84%
Manchester City Erling Haaland
84%
Real Madrid Karim Benzema
84%
Napoli Kim Min-Jae
84%
Barcelona Xavi
84%
Tottenham Hotspur Harry Kane
83%
Borussia Dortmund Jude Bellingham
82%
Real Madrid Vinícius
82%
Newcastle United Kieran Trippier
81%
Newcastle United Nick Pope
81%
Barcelona Robert Lewandowski
81%
Manchester City Rodri
81%
Liverpool Andrew Robertson
80%
Barcelona Pedri
80%
Arsenal William Saliba
80%
Manchester United Bruno Fernandes
79%
Real Madrid Luka Modrić
79%
Manchester City Pep Guardiola
79%
Bayern Munich Alphonso Davies
78%
Liverpool Mohamed Salah
78%
Chelsea Reece James
78%
A.C. Milan Theo Hernández
78%
Real Madrid Dani Carvajal
77%
Real Madrid Éder Militão
77%
Paris Saint-Germain Lionel Messi
77%
Manchester City Bernardo Silva
76%
Manchester City Phil Foden
76%
Real Madrid David Alaba
75%
Bayern Munich Joshua Kimmich
75%
Real Madrid Rodrygo
75%
Napoli Victor Osimhen
75%
Liverpool Jürgen Klopp
74%
Arsenal Martin Ødegaard
74%
Barcelona Ronaldo Aráujo
74%
Arsenal Gabriel Jesus
73%
Manchester City Jack Grealish
73%
Real Madrid Carlo Ancelotti
72%
Barcelona Gavi
72%
Paris Saint-Germain Neymar
72%
Atlético Madrid Antoine Griezmann
71%
Arsenal Gabriel Martinelli
71%
Manchester City João Cancelo
71%
RB Leipzig Joško Gvardiol
71%
Manchester United Luke Shaw
71%
Newcastle United Alexander Isak
69%
Barcelona Frenkie de Jong
69%
Manchester City Ilkay Gündogan
69%
Bayern Munich Jamal Musiala
69%
Napoli Khvicha Kvaratskhelia
69%
Arsenal Mikel Arteta
69%
Manchester United Marcus Rashford
68%
A.C. Milan Rafael Leão
68%
Juventus Dušan Vlahović
67%
Manchester United Casemiro
66%
Manchester United Erik ten Hag
66%
Bayer Leverkusen Jeremie Frimpong
66%
Barcelona Jules Koundé
66%
Inter Milan Alessandro Bastoni
65%
Manchester City Nathan Aké
63%
Newcastle United Bruno Guimarães
62%
Arsenal Oleksandr Zinchenko
62%
Barcelona Alejandro Balde
60%
Lille Jonathan David
60%
Manchester City Riyad Mahrez
60%
Barcelona Ousmane Dembélé
58%
Napoli Giovanni Di Lorenzo
57%
West Ham United Lucas Paquetá
56%
Bayern Munich Kingsley Coman
55%
Eintracht Frankfurt Randal Kolo Muani
50%
Brighton Alexis Mac Allister
49%
Inter Milan Simone Inzaghi
47%
Inter Milan Nicolo Barella
46%
RB Leipzig Christopher Nkunku
44%
Borussia Dortmund Julian Brandt
44%
Brighton Pervis Estupiñán
41%
A.C. Milan Brahim Díaz
40%
Argentina Lionel Scaloni
40%
Brighton Roberto De Zerbi
39%
Roma Leonardo Spinazzola
38%
Borussia Dortmund Raphaël Guerreiro
37%
Bayer Leverkusen Moussa Diaby
32%
Napoli Luciano Spalletti
28%
No matching quizzes found
Score Distribution
Percent of People with Each Score
Percentile by Number Answered
Your Score History
You have not taken this quiz